Culture Générale - Clic Quiz - La réponse est en emoji par IA #24 - Statistiques

Statistiques générales
  • Ce quiz a été pris 189 fois
  • Le résultat moyen est 19 sur 40
Statistiques - réponses
Hint Réponse % Correct
N'Golo Kanté
90%
JoeyStarr
87%
Dany Boon
86%
Hercule Poirot
85%
Ronald McDonald
85%
Severus Rogue
80%
Shiva
79%
Lucius Malefoy
78%
Albus Dumbledore
78%
Henri VIII
71%
Hatem Ben Arfa
69%
Jack Black
63%
Jean Gabin
62%
Kamé Sennin (Dragon Ball)
58%
Colonel Sanders
54%
Nostradamus
52%
Joffrey Baratheon
51%
Jaime Lannister
50%
Gary Oldman
48%
Bernard Henri Levy
45%
Ferenc Puskás
44%
Tywin Lannister
44%
Alphonse de Lamartine
44%
John Malkovich
42%
Liam Gallagher (Oasis)
41%
Johnny Ramone (Ramones)
36%
David Lynch
34%
Jérôme Kerviel
32%
Sacha Baron Cohen
31%
John Williams
29%
Nicolas Maduro
27%
Hector Salamanca
26%
Alex Turner (Arctic Monkeys)
21%
Slobodan Milosevic
21%
José Luis Rodríguez Zapatero
20%
Keir Starmer
19%
Michael D. Higgins
15%
Max Planck
12%
Sergio Mattarella
10%
Terence McKenna
7%
Aucun quiz correspondant
Distribution des résultats
% des personnes avec chaque résultat
Percentile par nombre de réponses
Votre historique - résultats
Vous n’avez pas pris ce quiz